000 00596nam a22002055i 4500
001 171713
003 ES-MaACL
005 20230906214716.0
008 090526s1978 sp |||| | spa d
080 _a330.852
080 _a329(460)
100 1 _aSoler Fando, Francisco.
_9140357
245 1 0 _aEurocomunismo España /
_cFrancisco Soler Fando.
250 _a[1ª ed.].
260 _a[Valencia] :
_bPrometeo,
_c[1978]
300 _a263 p. ;
_c19 cm.
610 1 4 _aPartido Comunista de España.
_96135
650 1 4 _aEurocomunismo-
_zEspaña.
_9140358
852 _aES-MaACL
_jA-9333
_9R.98180
999 _c171713
_d171713